000 00638nam a2200241Ia 4500
003 OSt
005 20221007101306.0
006 a|||||r|||| 00| 0
007 ta
008 221006b |||||||| |||| 00| 0 eng d
024 _a6,187
037 _cTextual
040 _aLCO
_cLCO
_beng
041 _2eng
_aeng
082 _aX61:57qN68, L3
100 _aNABHI KUMAR JAIN
_9702821
245 0 _aForeign Exchange regulation,1973
260 _aDelhi
_bNabhi Publication
_c1973
300 _a87
650 _aEXCHANGE
_9702822
942 _hX61:57qN68, L3
_cTEXL
999 _c1175750
_d1175750